Rebel cities : (Record no. 3120)

000 -LEADER
fixed length control field 01587cam a2200337 a 4500
001 - CONTROL NUMBER
control field 17054993
003 - CONTROL NUMBER IDENTIFIER
control field OSt
005 - DATE AND TIME OF LATEST TRANSACTION
control field 20180117085959.0
008 - FIXED-LENGTH DATA ELEMENTS--GENERAL INFORMATION
fixed length control field 111122s2012 nyu b 001 0 eng
010 ## - LIBRARY OF CONGRESS CONTROL NUMBER
LC control number 2011047924
020 ## - INTERNATIONAL STANDARD BOOK NUMBER
International Standard Book Number 9781844678822 (alk. paper)
020 ## - INTERNATIONAL STANDARD BOOK NUMBER
International Standard Book Number 9781844679041
040 ## - CATALOGING SOURCE
Original cataloging agency DLC
Transcribing agency DLC
Modifying agency DLC
042 ## - AUTHENTICATION CODE
Authentication code pcc
050 00 - LIBRARY OF CONGRESS CALL NUMBER
Classification number HN17.5
Item number .H355 2012
082 00 - DEWEY DECIMAL CLASSIFICATION NUMBER
Classification number 303.3/72
Edition number 23
100 1# - MAIN ENTRY--PERSONAL NAME
Personal name Harvey, David,
Dates associated with a name 1935-
245 10 - TITLE STATEMENT
Title Rebel cities :
Remainder of title from the right to the city to the urban revolution /
Statement of responsibility, etc. David Harvey.
260 ## - PUBLICATION, DISTRIBUTION, ETC.
Place of publication, distribution, etc. New York :
Name of publisher, distributor, etc. Verso,
Date of publication, distribution, etc. 2012.
300 ## - PHYSICAL DESCRIPTION
Extent xviii, 187 p. ;
Dimensions 22 cm.
504 ## - BIBLIOGRAPHY, ETC. NOTE
Bibliography, etc. note Includes bibliographical references and index.
505 0# - FORMATTED CONTENTS NOTE
Formatted contents note The right to the city -- The urban roots of capitalist crises -- The creation of the urban commons -- The art of rent -- Reclaiming the city for anti-capitalist struggle -- London 2011 : feral capitalism hits the streets -- #OWS : the party of Wall Street meets its nemesis.
650 #0 - SUBJECT ADDED ENTRY--TOPICAL TERM
Topical term or geographic name entry element Anti-globalization movement
Form subdivision Case studies.
650 #0 - SUBJECT ADDED ENTRY--TOPICAL TERM
Topical term or geographic name entry element Social justice
Form subdivision Case studies.
650 #0 - SUBJECT ADDED ENTRY--TOPICAL TERM
Topical term or geographic name entry element Capitalism
Form subdivision Case studies.
906 ## - LOCAL DATA ELEMENT F, LDF (RLIN)
a 7
b cbc
c orignew
d 1
e ecip
f 20
g y-gencatlg
942 ## - ADDED ENTRY ELEMENTS (KOHA)
Source of classification or shelving scheme
Koha item type Book
Holdings
Withdrawn status Lost status Source of classification or shelving scheme Damaged status Not for loan Collection code Permanent Location Current Location Shelving location Date acquired Total Checkouts Full call number Barcode Date last seen Price effective from Koha item type
            Central Library (CL) Central Library (CL) General Stacks 05/13/2016   303.3/72 HAR S3H-P-176 05/13/2016 05/13/2016 Book
            Central Library (CL) Central Library (CL) General Stacks 05/13/2016   303.3/72 HAR S3H-P-175 05/13/2016 05/13/2016 Book
© 2023 Central Library, National University of Sciences and Technology. All Rights Reserved.